000 00399nam a2200145Ia 4500
005 20260328104310.0
008 260328s9999||||xx |||||||||||||| ||und||
100 _aMcCamant, Kathryn
245 0 _aCreating Cohousing :
_b Building Sustainable Comunities /
_cKathryn McCamant
250 _a4a ed.
260 _bNew Society Publishers
300 _a322 p.
650 _aVIVIENDA URBANA
942 _cBK
999 _c10905
_d10905